000 00396nam a22001457a 4500
005 20200610135158.0
008 200610b xxu||||| |||| 00| 0 eng d
082 _a345.4 AIR
110 _aALL INDIA REPORTER
_95929
245 _aALL INDIA REPORTER, [1976] [VOL-63] ALLAHABAD SECTION
260 _aBOMBAY
_bALL INDIA REPORTER, PVT. LTD.
300 _a432;p
650 _aLAW
_95701
942 _cJRL
999 _c6991
_d6989